Questions and answers : A guide to fitness and wellness

Questions and Answers: A Guide to Fitness and Wellness delivers the serious content you want in a Student Question and Answer format that’s fun to read and an online learning space that commands active learning. We began by collecting over 1,000 Fitness and Wellness questions asked by real students....

Deskribapen osoa

Gorde:
Xehetasun bibliografikoak
Egile nagusia: Ligouri, Gary
Formatua: Liburua
Hizkuntza:Undetermined
Argitaratua: New York McGaw Hill 2014
Gaiak:
Etiketak: Etiketa erantsi
Etiketarik gabe, Izan zaitez lehena erregistro honi etiketa jartzen!
Thư viện lưu trữ: Trung tâm Học liệu Trường Đại học Cần Thơ
LEADER 01168nam a2200229Ia 4500
001 CTU_209937
008 210402s9999 xx 000 0 und d
020 |c 65.3 
082 |a 613.71 
082 |b L726 
100 |a Ligouri, Gary 
245 0 |a Questions and answers : 
245 2 |b A guide to fitness and wellness 
245 0 |c Gary Ligouri, Sandra Carrol-Cobb 
260 |a New York 
260 |b McGaw Hill 
260 |c 2014 
520 |a Questions and Answers: A Guide to Fitness and Wellness delivers the serious content you want in a Student Question and Answer format that’s fun to read and an online learning space that commands active learning. We began by collecting over 1,000 Fitness and Wellness questions asked by real students. Questions like, “How can I improve my self-esteem?” or “Do I really need 8 glasses of water a day?” introduce each section of material throughout the program. 
650 |a Phisical fitness,Health education,Thể dục thể chất,Giáo dục sức khoẻ 
650 |x Textbook 
904 |i Trần Thị Hồng Ngọc, Tuyến 
980 |a Trung tâm Học liệu Trường Đại học Cần Thơ